000 00682nam a22002057a 4500
005 20240129122422.0
010 _aENG-139055
020 _a9789391032289
_c495.00
035 _aEN-122589
037 _bDBAD/PUB
082 _a000
100 _aSudhanshu Kumar
_961382
245 _aCSAT Civil Service Aptitude Test:
_cWritten By Sudhanshu Kumar and Foreword By Abinash Mishra
_bPractice Papers/
250 _aSecond
260 _aHaryana
_bOakBridge Publishing Pvt. Ltd.
_c2022
270 _aM35, Ist floor, Old DLF, Gurugram
_bharyana
_e122001
300 _axiv,+409p.
_c28cm(pbk)
700 _960108
_aMishra, Abinash
_eForeword
942 _2ddc
_cEN
_h000
_mSUD
999 _c199757
_d199757